The Swazi people/ (Record no. 756756)

MARC details
000 -LEADER
fixed length control field 00741nam a22002057b 4500
003 - CONTROL NUMBER IDENTIFIER
control field 3228
005 - DATE AND TIME OF LATEST TRANSACTION
control field 20260618094727.0
008 - FIXED-LENGTH DATA ELEMENTS--GENERAL INFORMATION
fixed length control field 240606b sa ||||| |||| 00| 0 eng d
020 ## - INTERNATIONAL STANDARD BOOK NUMBER
International Standard Book Number 9781770084544
Qualifying information Hardcover (hbk)
040 ## - CATALOGING SOURCE
Original cataloging agency RDA
Transcribing agency 3228
082 ## - DEWEY DECIMAL CLASSIFICATION NUMBER
Classification number P/J 306.0968 VAND
100 ## - MAIN ENTRY--PERSONAL NAME
Personal name Van der Wiel, Renee
245 ## - TITLE STATEMENT
Title The Swazi people/
Statement of responsibility, etc. Renee van der Wiel.
260 ## - PUBLICATION, DISTRIBUTION, ETC.
Place of publication, distribution, etc. Galo Manor, South Africa:
Name of publisher, distributor, etc. Awareness Publishing;
Date of publication, distribution, etc. 2012.
300 ## - PHYSICAL DESCRIPTION
Extent 84 pages.:
Other physical details colour illustrations;
Dimensions 26 cm
490 ## - SERIES STATEMENT
Series statement African cultures of South Africa.
International Standard Serial Number 9781770084513
650 ## - SUBJECT ADDED ENTRY--TOPICAL TERM
Topical term or geographic name entry element Swazi (African people)
Form subdivision History
General subdivision Juvenile literature
9 (RLIN) 187022
650 ## - SUBJECT ADDED ENTRY--TOPICAL TERM
Topical term or geographic name entry element Swazi (African people)
Form subdivision rites and ceremonies
General subdivision Juvenile literature
9 (RLIN) 187023
942 ## - ADDED ENTRY ELEMENTS
Source of classification or shelving scheme Dewey Decimal Classification
item type Book
-- 174
-- Sanet Schoeman
Holdings
Withdrawn status Lost status Damaged status Not for loan Home library Current library Shelving location Date acquired Total Checkouts Full call number Barcode Date last seen Price effective from item type Source of classification or shelving scheme Collection code Cost, normal purchase price Cost, replacement price
        MBOMBELA REGIONAL LIBRARY Emjindini Children's Area 07.11.2025   J 305.8963987 VAND 33228031066003 07.11.2025 07.11.2025 Book Dewey Decimal Classification 300: Social Science 264.00  
        Perdekop (do not use) Perdekop (do not use) Children's Area 04.12.2025   J 306.0968 VAND 3004200001888 04.12.2025 04.12.2025 Book Dewey Decimal Classification 300: Social Science 264.00 264.00
        Sakhile public library Sakhile public library Children's Area 30.08.2023   J 30538963 VAND 33228031160943 30.08.2023 30.08.2023 Book        
        Secunda Secunda Reference 06.06.2024   P/J 306.0968 VAND 33228017373943 06.06.2024 06.06.2024 Book Dewey Decimal Classification 300: Social Science    
        Vukuzakhe (do not use) Vukuzakhe (do not use) General Stacks 02.12.2025   P/J 306.0968 VAND 3300410029646 02.12.2025 02.12.2025 Book Dewey Decimal Classification 300: Social Science 264.00  
        Standerton Regional Library Vukuzakhe Public library Children's Area 18.06.2026   J 305.8963987 VAND 3228200044763 18.06.2026 18.06.2026 Book Dewey Decimal Classification 300: Social Science    
        ZM Mkhwanazi Public Library ZM Mkhwanazi Public Library Non Fiction 02.07.2025   J 968.00496398 VAND 3228200039139 02.07.2025 02.07.2025 Book Dewey Decimal Classification 900: History & Geography